Nurses Dictionary (Record no. 155098)
[ view plain ]
| 000 -LEADER | |
|---|---|
| fixed length control field | 00297nam a2200133Ia 4500 |
| 008 - FIXED-LENGTH DATA ELEMENTS--GENERAL INFORMATION | |
| fixed length control field | 230411s9999 xx 000 0 und d |
| 041 ## - LANGUAGE CODE | |
| Language code of text/sound track or separate title | eng |
| 082 ## - DEWEY DECIMAL CLASSIFICATION NUMBER | |
| Classification number | F/610/PAN/B04443 |
| 100 ## - MAIN ENTRY--PERSONAL NAME | |
| Personal name | Panda U N |
| 245 ## - TITLE STATEMENT | |
| Title | Nurses Dictionary |
| 260 ## - PUBLICATION, DISTRIBUTION, ETC. (IMPRINT) | |
| Place of publication, distribution, etc. | New Delhi |
| 300 ## - PHYSICAL DESCRIPTION | |
| Extent | 726p |
| Withdrawn status | Lost status | Damaged status | Not for loan | Collection code | Home library | Current library | Date acquired | Vendor | Cost, normal purchase price | Total Checkouts | Full call number | Barcode | Date last seen | Cost, replacement price | Bill Date | Koha item type | Original Barcode |
|---|---|---|---|---|---|---|---|---|---|---|---|---|---|---|---|---|---|
| Smt. Bakul Tambat Institute of Nursing Education | Smt. Bakul Tambat Institute of Nursing Education | 28/11/2007 | M.K.S.S.S I.N.E.Ratnagiri. | 125.00 | F 610 PAN B04443 | BTIN-BK-4443 | 11/04/2023 | 125.00 | 28/11/2007 | Books | B04443 |